| Tag |
First Indicator |
Second Indicator |
Subfields |
| LEADER |
00000cam a2200000 i 4500 |
| 001 |
in00004720421 |
| 008 |
790226s1914 gw 000 1 eng d |
| 005 |
20230518184117.0 |
| 035 |
|
|
|a (OCoLC)ocm04688511
|
| 035 |
|
|
|a (OCoLC)ocm04688511
|
| 040 |
|
|
|a IXA
|b eng
|c IXA
|d OCLCQ
|d OCLCG
|d DEBBG
|d CC#
|d OCLCQ
|d OCLCA
|d SNN
|d OCLCQ
|d OCLCO
|d COM
|d OCLCO
|d OCLCF
|d OCLCQ
|
| 019 |
|
|
|a 1081747993
|
| 035 |
|
|
|a (OCoLC)4688511
|z (OCoLC)1081747993
|
| 050 |
|
4 |
|a PN35
|b .T3 v.4468
|
| 082 |
0 |
4 |
|a 822.912
|b S53c
|
| 084 |
|
|
|a HM 4273
|2 rvk
|
| 100 |
1 |
|
|a Shaw, Bernard,
|d 1856-1950.
|
| 245 |
1 |
0 |
|a Cashel Byron's profession :
|b also the Admirable Bashville : and an essay on modern prizefighting /
|c by Bernard Shaw.
|
| 260 |
|
|
|a Leipzig :
|b Tauchnitz,
|c 1914.
|
| 300 |
|
|
|a 382, 31 pages ;
|c 17 cm
|
| 336 |
|
|
|a text
|b txt
|2 rdacontent
|
| 337 |
|
|
|a unmediated
|b n
|2 rdamedia
|
| 338 |
|
|
|a volume
|b nc
|2 rdacarrier
|
| 490 |
1 |
|
|a Collection of British authors. Tauchnitz edition ;
|v vol. 4468
|
| 500 |
|
|
|a The Sports/Boxing copy is a donation from J. Lawrence Mitchell.
|
| 500 |
|
|
|a Accession #: 2020_0001
|
| 655 |
|
2 |
|a Fictional Work
|
| 655 |
|
7 |
|a Fiction.
|2 fast
|0 (OCoLC)fst01423787
|
| 655 |
|
7 |
|a Fiction.
|2 lcgft
|
| 655 |
|
7 |
|a Romans.
|2 rvmgf
|
| 740 |
0 |
|
|a Admirable Bashville.
|
| 740 |
0 |
|
|a Essay on modern prizefighting.
|
| 830 |
|
0 |
|a Collection of British and American authors. Tauchnitz ed. ;
|v v. 4468.
|
| 029 |
1 |
|
|a AU@
|b 000072200041
|
| 029 |
1 |
|
|a DEBBG
|b BV006445295
|
| 994 |
|
|
|a Z0
|b TXA
|
| 948 |
|
|
|h HELD BY TXA - 28 OTHER HOLDINGS
|
| 999 |
f |
f |
|s 0460d230-17ec-4b10-b356-0efcc3c31bfb
|i 28df5639-6fc1-4989-8e7e-26bcb9a67705
|t 0
|
| 952 |
f |
f |
|p noncirc
|a Texas A&M University
|b College Station
|c Cushing Memorial Library & Archives
|d Cushing: Sports/Mitchell Boxing (Does not check out)
|t 0
|e PN35 .T3 1914
|h Library of Congress classification
|i unmediated -- volume
|k v.4468
|m A1485307548C
|
| 998 |
f |
f |
|a PN35 .T3 1914
|t 0
|l Cushing: Sports/Mitchell Boxing (Does not check out)
|